[Event "ODJM C 2023"]
[Site "Willingen GER"]
[Date "2023.05.30"]
[Round "4"]
[White "Lau, Lars"]
[Black "Schwarzfischer, Ramona"]
[Result "1-0"]
[Termination "normal"]
[Board "41"]
[WhiteElo "1244"]
[BlackElo "916"]
[PlyCount "101"]
[WhiteFideId "34623663"]
[BlackFideId "16268113"]
[EventCountry "GER"]
[EventRounds "9"]
[EventType "swiss"]
[EventDate "2023.05.27"]

1. e3 c6 2. c4 d5 3. cxd5 cxd5 4. Nf3 Nf6 5. Nc3 Bg4 6. Be2 e6 7. Nd4 Bxe2 8.
Ncxe2 Bc5 9. Nf3 O-O 10. O-O Re8 11. d4 Bb6 12. Bd2 Nc6 13. Bc3 Rc8 14. Ng3 Ne4
15. Nxe4 dxe4 16. Nd2 Qd5 17. Qg4 f5 18. Qg5 Ba5 19. Bxa5 Nxa5 20. Rac1 Nc6 21.
Nb3 Kf7 22. Rc5 Qd7 23. f3 h6 24. Qh5+ Kg8 25. fxe4 fxe4 26. Rc2 Rf8 27. Rcf2
Nb4 28. Nc5 Qe7 29. Rxf8+ Rxf8 30. Rxf8+ Kxf8 31. Nxe4 Nxa2 32. Nc5 b6 33. Qf3+
Kg8 34. Qa8+ Qf8 35. Qxf8+ Kxf8 36. Nxe6+ Kf7 37. Nd8+ Kf6 38. Nc6 Kf5 39. Nxa7
Nc1 40. Kf2 Nd3+ 41. Kf3 g5 42. g4+ Ke6 43. e4 Nxb2 44. d5+ Ke5 45. Nc6+ Kd6
46. Ke3 b5 47. Kd4 Nc4 48. e5+ Kc7 49. Kc5 Nb6 50. d6+ Kb7 51. e6 1-0

[Event "ODJM C 2023"]
[Site "Willingen GER"]
[Date "2023.05.30"]
[Round "4"]
[White "Lindl, Julian"]
[Black "Du, Melina"]
[Result "1-0"]
[Termination "normal"]
[Board "43"]
[WhiteElo "1148"]
[BlackElo "931"]
[PlyCount "97"]
[WhiteFideId "16258304"]
[BlackFideId "34639659"]
[EventCountry "GER"]
[EventRounds "9"]
[EventType "swiss"]
[EventDate "2023.05.27"]

1. b3 e5 2. Bb2 Nc6 3. e3 Nf6 4. Bb5 Bd6 5. Bxc6 dxc6 6. Nf3 e4 7. Nd4 Bg4 8.
Ne2 O-O 9. O-O Bxe2 10. Qxe2 Nd5 11. d3 Qh4 12. g3 Qe7 13. dxe4 Qxe4 14. c4 Nb4
15. Nd2 Qc2 16. Rfb1 Nxa2 17. Rxa2 f6 18. Rc1 Qf5 19. Qf3 Qd3 20. Qd1 Rfe8 21.
Nf3 Qxd1+ 22. Rxd1 Rad8 23. Rxa7 b5 24. cxb5 cxb5 25. Ra2 Be5 26. Rxd8 Rxd8 27.
Bxe5 fxe5 28. Nxe5 c5 29. Rb2 Rc8 30. b4 c4 31. Rc2 c3 32. Nd7 Rc4 33. Nc5 h6
34. Kf1 Kh7 35. Ke2 Rxc5 36. bxc5 b4 37. c6 b3 38. Rxc3 b2 39. Rb3 b1=Q 40.
Rxb1 g6 41. c7 h5 42. c8=Q Kh6 43. Qh8+ Kg5 44. Rb5+ Kg4 45. Qxh5+ gxh5 46. e4
h4 47. gxh4 Kxh4 48. Kf3 Kh3 49. Rh5# 1-0

[Event "ODJM C 2023"]
[Site "Willingen GER"]
[Date "2023.05.30"]
[Round "4"]
[White "Rafikov, Artur"]
[Black "Wagner, Valentin Thien-Phú"]
[Result "1-0"]
[Termination "normal"]
[Board "44"]
[WhiteElo "1025"]
[BlackElo "857"]
[PlyCount "55"]
[WhiteFideId "34642676"]
[BlackFideId "34603492"]
[EventCountry "GER"]
[EventRounds "9"]
[EventType "swiss"]
[EventDate "2023.05.27"]

1. e4 e5 2. Nf3 Nc6 3. d4 exd4 4. Bc4 Nf6 5. e5 d5 6. Bb5 a6 7. Bxc6+ bxc6 8.
exf6 Qxf6 9. Qxd4 Qe6+ 10. Qe3 Bc5 11. Qxe6+ fxe6 12. O-O O-O 13. Ne5 Bb7 14.
Nd7 Bxf2+ 15. Rxf2 Rxf2 16. Kxf2 Bc8 17. Ne5 Bb7 18. Nf3 Rf8 19. Kg1 e5 20.
Nxe5 Re8 21. Bf4 a5 22. Nd2 Ba6 23. Re1 g5 24. Bxg5 Rf8 25. Nxc6 Rf5 26. Bh4
Rf4 27. Bg3 Bb5 28. Bxf4 1-0

[Event "ODJM C 2023"]
[Site "Willingen GER"]
[Date "2023.05.30"]
[Round "4"]
[White "Gattermayer, Jan"]
[Black "Prigandt, Junis"]
[Result "0-1"]
[Termination "normal"]
[Board "46"]
[WhiteElo "852"]
[BlackElo "1019"]
[PlyCount "100"]
[WhiteFideId "34622306"]
[BlackFideId "34631712"]
[EventCountry "GER"]
[EventRounds "9"]
[EventType "swiss"]
[EventDate "2023.05.27"]

1. d4 d5 2. Nc3 Nc6 3. Bf4 a6 4. Nf3 Bf5 5. a3 e6 6. e3 Nf6 7. Bd3 Bxd3 8. Qxd3
g6 9. O-O-O Bg7 10. e4 dxe4 11. Nxe4 O-O 12. Qb3 Nxe4 13. Rhf1 b5 14. Be5 Nf6
15. Qe3 Ng4 16. Qf4 Ngxe5 17. dxe5 Qe7 18. Rfe1 Rad8 19. Qe4 Rxd1+ 20. Rxd1 Qc5
21. b4 Qc3 22. Rd3 Qa1+ 23. Kd2 Nxe5 24. Nxe5 Bxe5 25. Re3 Qd4+ 26. Ke2 Qxe4
27. Rxe4 Bxh2 28. Rh4 Be5 29. Re4 Bb2 30. Re3 Rd8 31. Rb3 Be5 32. Re3 Rd5 33.
g3 Bd6 34. Rc3 Re5+ 35. Kd3 c5 36. Rb3 c4+ 37. Kc3 cxb3 38. Kxb3 Re2 39. a4
Rxf2 40. axb5 axb5 41. c4 Rf3+ 42. Kb2 bxc4 43. b5 Rb3+ 44. Kc2 Rxb5 45. Kc3
Bxg3 46. Kxc4 Rd5 47. Kc3 e5 48. Kc4 Rd4+ 49. Kc3 f5 50. Kb3 f4 0-1

[Event "ODJM C 2023"]
[Site "Willingen GER"]
[Date "2023.05.30"]
[Round "4"]
[White "Gyácsok, Rozália"]
[Black "Söhren, Louis"]
[Result "0-1"]
[Termination "normal"]
[Board "47"]
[WhiteElo "750"]
[BlackElo "964"]
[PlyCount "86"]
[WhiteFideId "34658424"]
[BlackFideId "34631747"]
[EventCountry "GER"]
[EventRounds "9"]
[EventType "swiss"]
[EventDate "2023.05.27"]

1. e4 e5 2. Qh5 Nf6 3. Qf3 Nc6 4. Nc3 Nd4 5. Qd3 Bc5 6. Be2 d6 7. Nf3 Nc6 8.
O-O Be6 9. Qb5 a6 10. Qxb7 Na5 11. Bb5+ Nd7 12. Bxd7+ Kxd7 13. Qxa8 Qxa8 14. d3
Bd4 15. Ng5 Bxc3 16. bxc3 Qd8 17. Rb1 c5 18. Nxe6 Kxe6 19. Ba3 h5 20. Rb2 h4
21. Rfb1 Qc7 22. Rb8 Rxb8 23. Re1 Qb7 24. Bc1 Qb1 25. h3 c4 26. dxc4 Nxc4 27.
Rf1 Qxc2 28. Bg5 Rb1 29. Bxh4 Rxf1+ 30. Kxf1 Nd2+ 31. Kg1 Qxe4 32. Bg5 Qe1+ 33.
Kh2 Qxf2 34. Bxd2 Qxd2 35. a4 Qxc3 36. a5 e4 37. Kg1 e3 38. Kf1 Qf6+ 39. Ke2
Qf2+ 40. Kd1 Kd5 41. h4 Kd4 42. g4 Kd3 43. h5 Qf1# 0-1

[Event "ODJM C 2023"]
[Site "Willingen GER"]
[Date "2023.05.31"]
[Round "6"]
[White "Classen, Marnin"]
[Black "Sun, Christopher"]
[Result "0-1"]
[Termination "normal"]
[Board "1"]
[WhiteElo "1352"]
[BlackElo "1313"]
[WhiteClock "00:26:40"]
[BlackClock "00:18:43"]
[PlyCount "130"]
[WhiteFideId "34623833"]
[BlackFideId "34630368"]
[EventCountry "GER"]
[EventRounds "9"]
[EventType "swiss"]
[EventDate "2023.05.27"]

1. e4 {[%clk 01:30:59]} e5 {[%clk 01:30:59]} {[%emt 00:00:01]} 2. Nf3 {[%clk
01:31:23]} {[%emt 00:00:06]} Nc6 {[%clk 01:31:26]} {[%emt 00:00:04]} 3. Bb5
{[%clk 01:31:42]} {[%emt 00:00:11]} a6 {[%clk 01:31:52]} {[%emt 00:00:04]} 4.
Ba4 {[%clk 01:32:08]} {[%emt 00:00:04]} Nf6 {[%clk 01:32:17]} {[%emt 00:00:04]}
5. O-O {[%emt 00:00:14]} Be7 {[%clk 01:32:40]} {[%emt 00:00:05]} 6. Re1 {[%clk
01:32:37]} {[%emt 00:00:20]} b5 {[%clk 01:32:59]} {[%emt 00:00:11]} 7. Bb3
{[%clk 01:32:57]} {[%emt 00:00:09]} O-O {[%clk 01:33:10]} {[%emt 00:00:19]} 8.
c3 {[%clk 01:33:07]} {[%emt 00:00:21]} d6 {[%clk 01:33:24]} {[%emt 00:00:16]}
9. d4 {[%clk 01:33:20]} {[%emt 00:00:16]} Bg4 {[%clk 01:33:41]} {[%emt
00:00:13]} 10. d5 {[%clk 01:33:02]} {[%emt 00:00:48]} Na5 {[%clk 01:34:03]}
{[%emt 00:00:08]} 11. Bc2 {[%clk 01:33:21]} {[%emt 00:00:11]} c6 {[%clk
01:34:25]} {[%emt 00:00:09]} 12. dxc6 {[%clk 01:26:09]} {[%emt 00:07:42]} Qc7
{[%clk 01:34:37]} {[%emt 00:00:17]} 13. h3 {[%clk 01:25:44]} {[%emt 00:00:56]}
Bc8 {[%clk 01:34:49]} {[%emt 00:00:17]} 14. Bg5 {[%clk 01:24:54]} {[%emt
00:01:20]} Qxc6 {[%clk 01:30:59]} {[%emt 00:04:21]} 15. Nbd2 {[%clk 01:24:03]}
{[%emt 00:01:21]} h6 {[%clk 01:22:19]} {[%emt 00:09:08]} 16. Bh4 {[%clk
01:23:48]} {[%emt 00:00:46]} Bb7 {[%clk 01:20:40]} {[%emt 00:02:10]} 17. Nf1
{[%clk 01:23:50]} {[%emt 00:00:27]} Rfe8 {[%clk 01:13:53]} {[%emt 00:07:18]}
18. Qe2 {[%clk 01:17:40]} {[%emt 00:06:39]} Nd7 {[%clk 01:09:35]} {[%emt
00:04:48]} 19. Bg3 {[%clk 01:13:57]} {[%emt 00:04:13]} Nb6 {[%clk 01:06:50]}
{[%emt 00:03:15]} 20. Bd3 {[%clk 01:08:07]} {[%emt 00:06:21]} Rac8 {[%clk
01:01:41]} {[%emt 00:05:36]} 21. Rac1 {[%clk 01:08:07]} {[%emt 00:00:33]} Qd7
{[%clk 00:59:49]} {[%emt 00:02:18]} 22. b3 {[%clk 01:04:33]} {[%emt 00:04:08]}
Rc6 {[%clk 00:54:31]} {[%emt 00:05:45]} 23. Red1 {[%clk 01:00:45]} {[%emt
00:04:20]} Rec8 {[%clk 00:53:26]} {[%emt 00:01:35]} 24. Nxe5 {[%clk 00:56:06]}
{[%emt 00:05:09]} dxe5 {[%clk 00:48:36]} {[%emt 00:05:19]} 25. Bxb5 {[%clk
00:52:10]} {[%emt 00:04:28]} Qe6 {[%clk 00:48:16]} {[%emt 00:00:48]} 26. Bxc6
{[%clk 00:52:18]} {[%emt 00:00:24]} Nxc6 {[%clk 00:47:51]} {[%emt 00:00:55]}
27. Ne3 {[%clk 00:50:48]} {[%emt 00:02:00]} Na7 {[%clk 00:41:12]} {[%emt
00:07:06]} 28. Ng4 {[%clk 00:50:11]} {[%emt 00:01:09]} Nb5 {[%clk 00:38:14]}
{[%emt 00:03:26]} 29. Qd3 {[%clk 00:44:29]} {[%emt 00:06:15]} Bg5 {[%clk
00:31:28]} {[%emt 00:07:15]} 30. Rc2 {[%clk 00:37:40]} {[%emt 00:07:19]} Rd8
{[%clk 00:29:22]} {[%emt 00:02:37]} 31. Qe2 {[%clk 00:36:21]} {[%emt 00:01:48]}
Rxd1+ {[%clk 00:27:08]} {[%emt 00:02:43]} 32. Qxd1 {[%clk 00:34:25]} {[%emt
00:02:27]} Bxe4 {[%clk 00:27:06]} {[%emt 00:00:32]} 33. Rb2 {[%clk 00:34:30]}
{[%emt 00:00:26]} Nxc3 {[%clk 00:27:03]} {[%emt 00:00:32]} 34. Qe1 {[%clk
00:34:48]} {[%emt 00:00:13]} Nbd5 {[%clk 00:25:46]} {[%emt 00:01:46]} 35. Bxe5
{[%clk 00:34:29]} {[%emt 00:00:49]} Qc6 {[%clk 00:24:27]} {[%emt 00:01:38]} 36.
Nh2 {[%clk 00:26:15]} {[%emt 00:08:54]} Bxg2 {[%clk 00:19:05]} {[%emt
00:05:52]} 37. f4 {[%clk 00:22:27]} {[%emt 00:04:20]} Nxf4 {[%clk 00:17:09]}
{[%emt 00:02:26]} 38. Bxf4 {[%clk 00:22:07]} {[%emt 00:00:49]} Bxf4 {[%clk
00:16:16]} {[%emt 00:01:23]} 39. Rxg2 {[%clk 00:21:13]} {[%emt 00:01:24]} Qc5+
{[%clk 00:14:39]} {[%emt 00:02:05]} 40. Kh1 {[%clk 00:18:50]} {[%emt 00:02:54]}
Qc6 {[%clk 00:10:58]} {[%emt 00:04:08]} 41. Qf2 {[%clk 00:15:23]} {[%emt
00:04:02]} Bxh2 {[%clk 00:09:20]} {[%emt 00:02:08]} 42. Kxh2 {[%clk 00:15:31]}
{[%emt 00:00:21]} Ne4 {[%clk 00:08:18]} {[%emt 00:01:19]} 43. Qf4 {[%clk
00:12:46]} {[%emt 00:03:28]} Nf6 {[%clk 00:04:30]} {[%emt 00:04:14]} 44. Qe5
{[%clk 00:11:13]} {[%emt 00:02:07]} Qe4 {[%clk 00:00:45]} {[%emt 00:04:16]} 45.
Re2 {[%clk 00:09:26]} {[%emt 00:02:17]} Qh4 {[%clk 00:29:21]} {[%emt 00:01:47]}
46. Qg3 {[%clk 00:37:00]} {[%emt 00:03:02]} Qh5 {[%clk 00:29:03]} {[%emt
00:00:43]} 47. Rg2 {[%clk 00:35:44]} {[%emt 00:01:51]} g6 {[%clk 00:28:29]}
{[%emt 00:00:59]} 48. Qf4 {[%clk 00:29:38]} {[%emt 00:06:40]} Nd5 {[%clk
00:26:29]} {[%emt 00:02:21]} 49. Qg4 {[%clk 00:27:10]} {[%emt 00:03:07]} Qe5+
{[%clk 00:25:16]} {[%emt 00:01:33]} 50. Qg3 {[%clk 00:27:19]} {[%emt 00:00:32]}
Qh5 {[%clk 00:24:00]} {[%emt 00:01:43]} 51. Rf2 {[%clk 00:26:03]} {[%emt
00:01:49]} Ne7 {[%clk 00:18:09]} {[%emt 00:06:14]} 52. Qe5 {[%emt 00:02:28]}
Qxe5+ {[%clk 00:18:29]} {[%emt 00:00:07]} 53. Kg2 {[%clk 00:24:33]} {[%emt
00:00:12]} Qe4+ {[%clk 00:18:24]} {[%emt 00:00:32]} 54. Kg1 {[%clk 00:24:46]}
{[%emt 00:00:20]} Nf5 {[%clk 00:18:35]} {[%emt 00:00:20]} 55. a4 {[%clk
00:24:37]} {[%emt 00:00:39]} Ng3 {[%clk 00:17:45]} {[%emt 00:01:19]} 56. Kh2
{[%clk 00:24:34]} {[%emt 00:00:33]} Ne2 {[%clk 00:17:40]} {[%emt 00:00:28]} 57.
Rg2 {[%clk 00:24:52]} {[%emt 00:00:19]} Qf4+ {[%clk 00:17:35]} {[%emt
00:00:34]} 58. Kh1 {[%clk 00:25:03]} {[%emt 00:00:19]} Qf3 {[%clk 00:17:25]}
{[%emt 00:00:35]} 59. Kh2 {[%clk 00:25:22]} {[%emt 00:00:17]} Nf4 {[%clk
00:17:42]} {[%emt 00:00:12]} 60. Ra2 {[%clk 00:25:38]} {[%emt 00:00:16]} Ne2
{[%clk 00:17:42]} {[%emt 00:00:28]} 61. Rxe2 {[%clk 00:25:45]} {[%emt
00:00:24]} Qxe2+ {[%clk 00:18:07]} {[%emt 00:00:05]} 62. Kg3 {[%emt 00:00:31]}
f5 {[%clk 00:18:12]} 63. b4 {[%clk 00:25:57]} {[%emt 00:00:43]} g5 {[%clk
00:18:31]} {[%emt 00:00:10]} 64. h4 {[%clk 00:26:22]} {[%emt 00:00:05]} f4+
{[%clk 00:18:33]} {[%emt 00:00:29]} 65. Kh3 {[%clk 00:26:40]} {[%emt 00:00:11]}
g4# {[%clk 00:18:43]} {[%emt 00:00:19]} 0-1

[Event "ODJM C 2023"]
[Site "Willingen GER"]
[Date "2023.05.31"]
[Round "6"]
[White "Winkler, Frida"]
[Black "Briese, Paul"]
[Result "0-1"]
[Termination "normal"]
[Board "2"]
[WhiteElo "1280"]
[BlackElo "1321"]
[WhiteClock "00:34:27"]
[BlackClock "00:34:35"]
[PlyCount "94"]
[WhiteFideId "34622322"]
[BlackFideId "16273826"]
[EventCountry "GER"]
[EventRounds "9"]
[EventType "swiss"]
[EventDate "2023.05.27"]

1. e4 {[%clk 01:30:58]} {[%emt 00:00:01]} d6 {[%clk 01:30:49]} {[%emt
00:00:12]} 2. d4 {[%clk 01:31:18]} {[%emt 00:00:10]} Nf6 {[%clk 01:31:11]}
{[%emt 00:00:08]} 3. Nc3 {[%clk 01:31:30]} {[%emt 00:00:17]} Nbd7 {[%clk
01:31:30]} {[%emt 00:00:12]} 4. f4 {[%clk 01:29:49]} {[%emt 00:02:11]} e5
{[%clk 01:27:42]} {[%emt 00:04:18]} 5. Nf3 {[%clk 01:30:05]} {[%emt 00:00:14]}
exd4 {[%clk 01:24:00]} {[%emt 00:04:12]} 6. Qxd4 {[%clk 01:30:16]} {[%emt
00:00:19]} c5 {[%clk 01:21:02]} {[%emt 00:03:29]} 7. Qd3 {[%clk 01:26:45]}
{[%emt 00:04:00]} Be7 {[%clk 01:19:05]} {[%emt 00:02:27]} 8. Be3 {[%clk
01:24:47]} {[%emt 00:02:27]} a6 {[%clk 01:18:26]} {[%emt 00:01:10]} 9. h3
{[%clk 01:19:37]} {[%emt 00:05:39]} b5 {[%clk 01:17:51]} {[%emt 00:01:05]} 10.
O-O-O {[%clk 01:14:51]} {[%emt 00:05:17]} Bb7 {[%clk 01:14:46]} {[%emt
00:03:34]} 11. e5 {[%clk 01:06:11]} {[%emt 00:09:10]} dxe5 {[%clk 01:11:42]}
{[%emt 00:03:35]} 12. fxe5 {[%clk 01:04:59]} {[%emt 00:01:42]} Nh5 {[%clk
01:03:58]} {[%emt 00:08:13]} 13. Nd5 {[%clk 01:03:27]} {[%emt 00:02:02]} f6
{[%clk 00:56:56]} {[%emt 00:07:33]} 14. exf6 {[%clk 00:56:21]} {[%emt
00:07:36]} Nhxf6 {[%clk 00:55:06]} {[%emt 00:02:20]} 15. Nxf6+ {[%clk
00:54:36]} {[%emt 00:02:15]} Nxf6 {[%clk 00:53:28]} {[%emt 00:02:08]} 16. Qe2
{[%clk 00:54:32]} {[%emt 00:00:31]} Qc7 {[%clk 00:50:27]} {[%emt 00:03:31]} 17.
g4 {[%clk 00:53:12]} {[%emt 00:01:51]} O-O {[%clk 00:47:16]} {[%emt 00:03:43]}
18. Bg2 {[%clk 00:51:32]} {[%emt 00:02:09]} Ne4 {[%clk 00:45:44]} {[%emt
00:02:02]} 19. Nd2 {[%clk 00:49:59]} {[%emt 00:02:03]} Ng3 {[%clk 00:45:27]}
{[%emt 00:00:48]} 20. Qe1 {[%clk 00:45:02]} {[%emt 00:05:23]} Nxh1 {[%clk
00:43:41]} {[%emt 00:02:20]} 21. Qxh1 {[%clk 00:44:58]} {[%emt 00:00:33]} Bxg2
{[%clk 00:43:41]} {[%emt 00:00:30]} 22. Qxg2 {[%clk 00:45:14]} {[%emt
00:00:13]} c4 {[%clk 00:43:30]} {[%emt 00:00:43]} 23. Qd5+ {[%clk 00:44:27]}
{[%emt 00:01:17]} Kh8 {[%clk 00:42:36]} {[%emt 00:01:24]} 24. g5 {[%clk
00:39:01]} {[%emt 00:05:53]} c3 {[%clk 00:40:07]} {[%emt 00:03:02]} 25. Ne4
{[%clk 00:37:58]} {[%emt 00:01:31]} Rad8 {[%clk 00:39:22]} {[%emt 00:01:15]}
26. Qb3 {[%clk 00:37:51]} {[%emt 00:00:38]} Qe5 {[%clk 00:35:54]} {[%emt
00:03:58]} 27. Rxd8 {[%clk 00:34:38]} {[%emt 00:03:44]} Rxd8 {[%clk 00:35:24]}
{[%emt 00:01:00]} 28. Bf2 {[%clk 00:32:16]} {[%emt 00:02:51]} Qxe4 {[%clk
00:35:18]} {[%emt 00:00:36]} 29. bxc3 {[%clk 00:31:51]} {[%emt 00:00:56]} Bxg5+
{[%clk 00:35:15]} {[%emt 00:00:33]} 30. Kb2 {[%clk 00:32:08]} {[%emt 00:00:12]}
Qh1 {[%clk 00:34:56]} {[%emt 00:00:49]} 31. Ka3 {[%clk 00:32:15]} {[%emt
00:00:23]} Bc1+ {[%clk 00:34:53]} {[%emt 00:00:33]} 32. Kb4 {[%clk 00:32:10]}
{[%emt 00:00:35]} Qxh3 {[%clk 00:31:10]} {[%emt 00:04:13]} 33. c4 {[%clk
00:31:32]} {[%emt 00:01:08]} Qxb3+ {[%clk 00:31:04]} {[%emt 00:00:36]} 34. axb3
{[%clk 00:31:47]} {[%emt 00:00:15]} bxc4 {[%clk 00:31:24]} {[%emt 00:00:10]}
35. Kxc4 {[%clk 00:31:58]} {[%emt 00:00:20]} h5 {[%clk 00:31:17]} {[%emt
00:00:37]} 36. Bh4 {[%clk 00:32:15]} {[%emt 00:00:11]} Rf8 {[%clk 00:31:11]}
{[%emt 00:00:37]} 37. Kc5 {[%clk 00:31:54]} {[%emt 00:00:51]} Rc8+ {[%clk
00:31:17]} {[%emt 00:00:25]} 38. Kb6 {[%clk 00:32:10]} {[%emt 00:00:14]} Rxc2
{[%clk 00:31:38]} {[%emt 00:00:09]} 39. Kxa6 {[%clk 00:32:22]} {[%emt
00:00:18]} Rb2 {[%clk 00:31:53]} {[%emt 00:00:13]} 40. Kb7 {[%clk 00:32:32]}
{[%emt 00:00:20]} Rxb3+ {[%clk 00:32:18]} {[%emt 00:00:06]} 41. Kc6 {[%clk
00:32:52]} {[%emt 00:00:09]} Rd3 {[%clk 00:32:35]} {[%emt 00:00:12]} 42. Kc5
{[%clk 00:33:10]} {[%emt 00:00:13]} g5 {[%clk 00:32:58]} {[%emt 00:00:09]} 43.
Be1 {[%clk 00:33:14]} {[%emt 00:00:22]} h4 {[%clk 00:33:17]} {[%emt 00:00:13]}
44. Kc4 {[%clk 00:33:22]} {[%emt 00:00:21]} Rd7 {[%clk 00:33:42]} {[%emt
00:00:07]} 45. Bc3+ {[%clk 00:33:42]} {[%emt 00:00:10]} Kh7 {[%clk 00:34:02]}
{[%emt 00:00:10]} 46. Be1 {[%clk 00:34:03]} {[%emt 00:00:09]} h3 {[%clk
00:34:12]} {[%emt 00:00:19]} 47. Bg3 {[%clk 00:34:27]} {[%emt 00:00:05]} Bf4
{[%clk 00:34:35]} {[%emt 00:00:09]} 0-1

[Event "ODJM C 2023"]
[Site "Willingen GER"]
[Date "2023.05.31"]
[Round "6"]
[White "Müller, Ariana"]
[Black "Dotschuweit, Erik"]
[Result "0-1"]
[Termination "normal"]
[Board "3"]
[WhiteElo "1148"]
[BlackElo "1332"]
[WhiteClock "00:24:47"]
[BlackClock "00:54:31"]
[PlyCount "68"]
[WhiteFideId "34615024"]
[BlackFideId "34610146"]
[EventCountry "GER"]
[EventRounds "9"]
[EventType "swiss"]
[EventDate "2023.05.27"]

1. e4 {[%clk 01:30:59]} c5 {[%clk 01:30:27]} {[%emt 00:00:34]} 2. Nf3 {[%clk
01:31:10]} {[%emt 00:00:18]} Nc6 {[%clk 01:30:43]} {[%emt 00:00:14]} 3. d4
{[%clk 01:31:31]} {[%emt 00:00:10]} cxd4 {[%clk 01:30:13]} {[%emt 00:00:59]} 4.
Nxd4 {[%clk 01:31:44]} {[%emt 00:00:17]} e5 {[%clk 01:30:00]} {[%emt 00:00:43]}
5. Nf3 {[%clk 01:31:27]} {[%emt 00:00:47]} Bc5 {[%clk 01:29:52]} {[%emt
00:00:37]} 6. Nc3 {[%clk 01:30:51]} {[%emt 00:01:07]} Nf6 {[%clk 01:29:00]}
{[%emt 00:01:22]} 7. Bc4 {[%clk 01:30:27]} {[%emt 00:00:54]} O-O {[%clk
01:23:50]} {[%emt 00:05:40]} 8. Bg5 {[%clk 01:29:24]} {[%emt 00:01:33]} d6
{[%clk 01:22:16]} {[%emt 00:02:04]} 9. Nd5 {[%clk 01:24:52]} {[%emt 00:05:02]}
Bxf2+ {[%clk 01:20:38]} {[%emt 00:02:07]} 10. Ke2 {[%clk 01:17:54]} {[%emt
00:07:29]} Be6 {[%clk 01:19:36]} {[%emt 00:01:32]} 11. Nxf6+ {[%clk 01:15:47]}
{[%emt 00:02:36]} gxf6 {[%clk 01:19:39]} {[%emt 00:00:27]} 12. Bxe6 {[%clk
01:15:21]} {[%emt 00:00:57]} fxg5 {[%clk 01:19:37]} {[%emt 00:00:33]} 13. Bf5
{[%clk 01:12:50]} {[%emt 00:02:55]} Bc5 {[%clk 01:18:41]} {[%emt 00:01:30]} 14.
Qe1 {[%clk 01:10:52]} {[%emt 00:02:30]} Qb6 {[%clk 01:15:21]} {[%emt 00:03:49]}
15. Qg3 {[%clk 01:04:49]} {[%emt 00:06:33]} f6 {[%clk 01:11:27]} {[%emt
00:04:24]} 16. Qh3 {[%clk 01:02:51]} {[%emt 00:02:27]} Qc7 {[%clk 01:08:40]}
{[%emt 00:03:17]} 17. Rhf1 {[%clk 00:55:52]} {[%emt 00:07:29]} Kh8 {[%clk
01:07:26]} {[%emt 00:01:45]} 18. Qh6 {[%clk 00:51:03]} {[%emt 00:05:20]} Qg7
{[%clk 01:05:56]} {[%emt 00:02:00]} 19. Qh5 {[%clk 00:47:55]} {[%emt 00:03:36]}
Rad8 {[%clk 01:04:56]} {[%emt 00:01:30]} 20. h4 {[%clk 00:46:19]} {[%emt
00:02:07]} gxh4 {[%clk 01:03:38]} {[%emt 00:01:46]} 21. Nxh4 {[%clk 00:45:56]}
{[%emt 00:00:54]} Nd4+ {[%clk 01:03:19]} {[%emt 00:00:49]} 22. Kd3 {[%clk
00:45:46]} {[%emt 00:00:40]} Nxf5 {[%clk 01:01:09]} {[%emt 00:02:40]} 23. Nxf5
{[%clk 00:42:08]} {[%emt 00:04:09]} Qf7 {[%clk 01:00:26]} {[%emt 00:01:12]} 24.
Qh6 {[%clk 00:40:09]} {[%emt 00:02:28]} d5 {[%clk 01:00:27]} {[%emt 00:00:30]}
25. Rh1 {[%clk 00:38:33]} {[%emt 00:02:07]} dxe4+ {[%clk 01:00:26]} {[%emt
00:00:31]} 26. Ke2 {[%clk 00:37:08]} {[%emt 00:01:55]} Qc4+ {[%clk 01:00:11]}
{[%emt 00:00:45]} 27. Ke1 {[%clk 00:36:54]} {[%emt 00:00:44]} Rf7 {[%clk
00:59:58]} {[%emt 00:00:43]} 28. Rd1 {[%clk 00:35:24]} {[%emt 00:02:00]} Rxd1+
{[%clk 00:59:17]} {[%emt 00:01:11]} 29. Kxd1 {[%clk 00:35:14]} {[%emt
00:00:39]} Qxa2 {[%clk 00:56:52]} {[%emt 00:02:56]} 30. b3 {[%clk 00:32:14]}
{[%emt 00:03:30]} Rd7+ {[%clk 00:56:29]} {[%emt 00:00:52]} 31. Ke1 {[%clk
00:25:40]} {[%emt 00:07:05]} Qb1+ {[%clk 00:54:59]} {[%emt 00:02:00]} 32. Ke2
{[%clk 00:25:13]} {[%emt 00:00:56]} Qxc2+ {[%clk 00:54:51]} {[%emt 00:00:38]}
33. Qd2 {[%clk 00:24:43]} {[%emt 00:01:01]} Qxd2+ {[%clk 00:54:52]} {[%emt
00:00:29]} 34. Kf1 {[%clk 00:24:47]} {[%emt 00:00:25]} Qf2# {[%clk 00:54:31]}
{[%emt 00:00:21]} 0-1